McGraw-Hill encyclopedia of science and technology; Vol.10: LEP - MES

Đã lưu trong:
书目详细资料
格式: 图书
语言:Undetermined
出版: New York McGraw-Hill 1997
主题:
标签: 添加标签
没有标签, 成为第一个标记此记录!
Thư viện lưu trữ: Trung tâm Học liệu Trường Đại học Cần Thơ
LEADER 00488nam a2200157Ia 4500
001 CTU_32946
008 210402s9999 xx 000 0 und d
082 |a 503 
082 |b M147/Vol.10 
245 0 |a McGraw-Hill encyclopedia of science and technology; Vol.10: LEP - MES 
260 |a New York 
260 |b McGraw-Hill 
260 |c 1997 
650 |a science - encyclopedias,technology - encyclopedias 
904 |i Minh, 990909 
980 |a Trung tâm Học liệu Trường Đại học Cần Thơ